000 00533nam a2200181 4500
001 109488
003 ES-MaACL
005 20230906184843.0
007 t|
008 061121s1946 xxk r ||||1| eng d
100 1 _aMitchiner, Philip H.
_981690
245 1 2 _aA pocket surgery /
_cby Philip H. Mitchiner and A. Hedley Whyte.
250 _a2nd ed.
260 _aLondon :
_bJ. & A. Churchill,
_c1946.
300 _aVII, 272 p., 1 lám. ;
_c19 cm.
700 1 _aWhyte, Angus Hedley.
_9116727
852 _aES-MaACL
_jE-1182
_bR.22518
999 _c109488
_d109488